[Event "HCL-B3804"]
[Site "www.playchess.de"]
[Date "2006.01.09"]
[Round "8"]
[White "PhilipKaveny"]
[Black "evets"]
[WhiteElo "1372"]
[BlackElo "1445"]
[PlyCount "149"]
[Result "1-0"]

1.e4 e6 2.g3 b6 3.Bg2 Bb7 4.d3 d5 5.Nd2 c5 6.b3 
Nc6 7.exd5 exd5 8.c3 Nf6 9.Ngf3 Bd6 10.O-O O-O 
11.d4 Ne4 12.Nxe4 dxe4 13.Ng5 cxd4 14.Nxe4 Bc5 
15.Nxc5 bxc5 16.cxd4 cxd4 17.Ba3 Re8 18.Rc1 Qa5 
19.Bb2 Nd8 20.Bxb7 Nxb7 21.Qxd4 Qg5 22.Rc7 Rad8 
23.Qxa7 Nd6 24.Bc1 Qf5 25.Bf4 Ref8 26.Bxd6 Rxd6 
27.Rc4 Rfd8 28.Rf4 Qh5 29.Qb7 g5 30.Rf5 f6 31.Qf3 
Qxf3 32.Rxf3 R6d2 33.a3 Kf7 34.a4 Ra8 35.Rc3 Rb2 
36.Rd1 Kg6 37.g4 h5 38.gxh5+ Kxh5 39.Kg2 f5 
40.Rh3+ Kg6 41.Rd6+ Kg7 42.Rc3 Rf8 43.Rc7+ Rf7 
44.Rxf7+ Kxf7 45.Rb6 Ra2 46.Rb7+ Ke6 47.Rb5 Ra3 
48.a5 {I played you before you are a tough player} 
 Kf6 49.Rb6+ Ke5 50.b4 Kd5 51.Rb5+ Ke4 52.Rb6 g4 
53.Rb5 Kf4 54.Rb6 Kg5 55.Rb8 f4 56.Rg8+ Kh4 
57.Rh8+ Kg5 58.Rb8 Kh4 59.Rh8+ Kg5 60.Ra8 Kh4 
61.Rh8+ Kg5 62.h3 f3+ 63.Kg3 gxh3 64.Kxh3 {s been 
a pleasure to play  you this has been very 
difficult}  Kf4 65.Rf8+ Ke4 66.Kg3 Kd4 67.Rxf3 Ra4 
68.Kg4 Kd5 69.Rf4 Kd6 70.Re4 Kc6 71.f3 Kd5 72.Kf5 
Ra3 73.f4 Rf3 {The party is over.  Good accurate 
game.}  74.Re5+ Kc6 75.b5+ {Thank You endings are 
very difficult}  1-0

[Event "HCL-B3778"]
[Site "www.playchess.de"]
[Date "2006.01.09"]
[Round "9"]
[White "foinaven"]
[Black "M45"]
[WhiteElo "1600"]
[BlackElo "1280"]
[PlyCount "68"]
[Result "0-1"]

1.d4 {Hi M45, good luck.}  Nf6 2.c4 e6 3.Nf3 Bb4+ 
4.Nc3 b6 {Happy Christmas to you!}  5.Bg5 {You too 
Sir. Which city in Ireland?}  Bb7 6.e3 O-O {Dublin 
and where do you hail from yourself?}  7.Bd3 
{Bristol - but I have lived in Cork and Dublin.}  
h6 {I have also lied in Cork for 12 years and am 
now living in Suffolk for last 10 years. Will be 
returning to Cork in the next 2-3 years.}  8.Bh4 
{Do you like Suffolk?}  d6 {I live 15 miles from 
the heritage coast which is an area of particular 
beauty. As to the rest of Sufflok much the same as 
elsewhere, becoming more and more over-populated. 
Thus my wish to return to West Cork. How do you 
find Bristol?}  9.O-O {I love the wild places - 
have walked all over the Cork/Kerry mountains. 
Bristol is a nice coty but too far from the wilds! 
I want to go back to Cork or maybe Scotland.}  
Bxc3 {Same here, I love the mountains and the sea, 
one can escape and feel free. When do you hope to 
go back to Cork or Scotland?}  10.bxc3 {I'm 
looking for a position in Cork right now - so 2006 
I hope.}  Nbd7 {What line of business are you in 
?}  11.Re1 {Engineer - Pharmaceuticals.}  Qe8 {You 
should have good opportunities,with Companies like 
Eli-Lilly and Pfziers etc being based there.}  
12.a3 e5 13.Qe2 e4 14.d5 {Yes - an awful mistake. 
I saw that attck while I studied the variations 
then completely forgot!}  exf3 15.Qxf3 Ne5 16.Qg3 
Nh5 17.Qh3 Nxd3 18.Red1 Ne5 19.f4 Bc8 20.f5 {I'm 
stuffed!}  Qa4 {Well it is Christmas}  21.g4 {Yes 
- but I'm no turkey}  Nf6 22.Bxf6 {Bu maybe I play 
like one...}  gxf6 {Everything is possible!}  
23.Rde1 Kh7 24.Ra2 Qxc4 25.Rg2 Rg8 26.e4 a5 27.Kh1 
b5 28.Reg1 Qxe4 29.Rf1 {Shi* - I guess that the 
end of my brave attempt to save this!}  b4 {one 
can hope}  30.cxb4 axb4 31.axb4 Ra2 32.Kg1 Qd4+ 
33.Kh1 Qxd5 34.Rfg1 Bb7 0-1

[Event "HCL-B3677"]
[Site "www.playchess.de"]
[Date "2006.01.09"]
[Round "8"]
[White "pegasus"]
[Black "leyima"]
[WhiteElo "1153"]
[BlackElo "1316"]
[PlyCount "66"]
[Result "0-1"]

1.e4 {hello good luck}  d5 2.d4 dxe4 3.Be3 Bg4 
4.Qxg4 Nf6 5.Qe2 Nc6 6.c3 Qd5 7.Nd2 O-O-O 8.b4 e6 
9.c4 Qd6 10.c5 Qd7 11.b5 Nxd4 12.b6 Bxc5 13.bxa7 
Bxa7 14.Bxd4 Qxd4 15.Rb1 Rd6 16.Rd1 Qb2 17.Nh3 
Rhd8 18.g3 Bb6 19.Bg2 Ba5 20.O-O R6xd2 21.Rxd2 
Rxd2 22.Qe3 Bb6 23.Qf4 Qc2 24.a4 e3 25.Qf3 exf2+ 
26.Kh1 c6 27.Nxf2 Bxf2 28.h4 Bc5 29.g4 Qxa4 30.g5 
Qxh4+ 31.Bh3 Ne4 32.g6 Ng3+ 33.Qxg3 
Qxg3 0-1

[Event "HCL-A2523"]
[Site "www.playchess.de"]
[Date "2006.01.09"]
[Round "5"]
[White "mrchess"]
[Black "SMA"]
[WhiteElo "1434"]
[BlackElo "1005"]
[PlyCount "58"]
[Result "0-1"]

1.d4 {good luck}  Nf6 2.Bg5 d6 3.Nf3 Nbd7 4.e3 h6 
5.Bh4 g5 6.Bg3 Bg7 7.c3 Nh5 8.Be2 Nxg3 9.hxg3 Nf6 
10.Nbd2 g4 11.Nh4 O-O 12.Bd3 e5 13.Qc2 Re8 14.Nf5 
Bxf5 15.Bxf5 exd4 16.cxd4 c5 17.O-O cxd4 18.exd4 
Qb6 19.Nb3 a5 20.a4 d5 21.Nc5 Re7 22.Rfe1 Rae8 
23.Rxe7 Rxe7 24.b3 Qb4 25.Rd1 Bf8 26.Rd3 Qe1+ 
27.Kh2 Re2 28.Qd1 Qxf2 29.Bc8 Qxg2+ 0-1

[Event "ACL-A656"]
[Site "www.playchess.de"]
[Date "2006.01.09"]
[Round "5"]
[White "birdflu"]
[Black "Rochade_III"]
[WhiteElo "1520"]
[BlackElo "1500"]
[PlyCount "47"]
[Result "1-0"]

1.d4 {good luck}  d5 2.c4 c6 3.Nf3 Nf6 4.Nc3 
{HAPPY NEW YEAR!}  Bg4 5.Qb3 e6 6.Qxb7 Nbd7 7.Qxc6 
Rc8 8.Qa6 Nb6 9.c5 Nc4 10.b3 Ne4 11.Qa4+ Qd7 
12.Qxd7+ Kxd7 13.Nb5 Na5 14.Ne5+ Ke7 15.Nxg4 a6 
16.f3 Nf6 17.Nd6 Rb8 18.Nxf6 gxf6 19.Bd2 Nc6 20.e3 
Nb4 21.Bxb4 Rxb4 22.Bxa6 Bh6 23.Ke2 e5 
24.Nf5+ 1-0

[Event "HCL-T258"]
[Site "www.playchess.de"]
[Date "2006.01.09"]
[Round "1"]
[White "knightprancer"]
[Black "hal1958"]
[WhiteElo "1284"]
[BlackElo "1482"]
[PlyCount "98"]
[Result "0-1"]

1.b4 c6 {have a nice game}  2.Bb2 {All the best 
Hal,good seeing you again !}  a5 3.bxa5 Qxa5 4.Nc3 
{we played the Sokolsky opening in our first 
meeting way back when and you clipped my wings,you 
must know this opening well !}  Nf6 5.a3 e6 6.g3 
Be7 7.Bg2 O-O 8.Nf3 d5 9.e3 Nbd7 10.O-O e5 11.Ne2 
Qc7 12.d3 {lol my low rating must be turning chess 
players from joining this tournament or maybe the 
sokolsky opening is not popular and liked ?}  h6 
13.Nd2 b6 14.c4 Bb7 15.Nf3 Ra7 16.cxd5 cxd5 17.d4 
e4 18.Nd2 {Happy New Year hal1958 !}  Rfa8 19.Rc1 
Qd8 20.Nb1 Ba6 21.Rc3 Rc8 22.Rb3 Bc4 23.Rc3 Bxe2 
24.Qxe2 Rxc3 25.Nxc3 Bxa3 26.Nb5 Ra5 27.Bxa3 Qa8 
28.Be7 Qa6 29.Rb1 Ne8 30.Bh3 Nf8 31.Bxf8 Kxf8 
32.Kf1 Ke7 33.Qb2 Nd6 34.Kg1 Qxb5 35.Qxb5 Rxb5 
36.Ra1 Ra5 37.Rc1 Nc4 38.Bf1 b5 39.Rb1 f5 40.Kg2 
g6 41.h3 Kd6 42.Be2 h5 43.h4 Kc6 44.Bf1 Ra4 45.Be2 
b4 46.Bd1 b3 47.Rxb3 {(offering draw)}  Ra1 48.Be2 
Ra2 49.Kf1 Nd2+ 0-1

[Event "HCL-A2532"]
[Site "www.playchess.de"]
[Date "2006.01.09"]
[Round "4"]
[White "q77ro"]
[Black "Matu"]
[WhiteElo "1469"]
[BlackElo "1529"]
[PlyCount "61"]
[Result "1-0"]

1.e4 c6 2.Nf3 d5 3.exd5 cxd5 4.Bb5+ Bd7 5.Bxd7+ 
Qxd7 6.d4 Nf6 7.Bg5 e6 8.Bxf6 gxf6 9.Nbd2 Nc6 
10.Qe2 Be7 11.O-O a6 12.Nb3 b5 13.a4 b4 14.a5 Qc7 
15.Nc1 Nxa5 16.Nd3 Nc4 17.Nd2 Nxd2 18.Qxd2 a5 
19.Ra4 Qc4 20.Nc1 Kd7 21.Nb3 Rhc8 22.Rc1 Qb5 
23.Rca1 Bd8 24.g3 Qc4 25.Nc5+ Ke7 26.b3 Qb5 27.Qh6 
Bb6 28.Qxh7 Bxc5 29.dxc5 Rxc5 30.h4 Rxc2 
31.Qxc2 1-0

[Event "HCL-A2471"]
[Site "www.playchess.de"]
[Date "2006.01.09"]
[Round "6"]
[White "Marius_sah"]
[Black "Matu"]
[WhiteElo "1406"]
[BlackElo "1557"]
[PlyCount "139"]
[Result "1-0"]

1.e4 {Hi. Good luck!}  c6 {hi and good luck}  2.d4 
d5 3.e5 Bf5 4.Bd3 Bxd3 5.Qxd3 e6 6.Nf3 Nd7 7.O-O 
c5 8.c3 Qc7 9.Be3 Ne7 10.Nh4 Nc6 11.f4 g6 12.g4 c4 
13.Qc2 Be7 14.Qf2 b5 15.f5 gxf5 16.gxf5 O-O-O 
17.f6 Rdg8+ 18.Kh1 Bd8 19.Bh6 Rge8 20.Bg7 Rhg8 
21.Nf3 Nf8 22.Nbd2 Ng6 23.Rae1 b4 24.Ng5 h5 
25.Ndf3 Qd7 26.Qe3 Bb6 27.b3 bxc3 28.bxc4 dxc4 
29.Qxc3 Ba5 30.Qxc4 Bxe1 31.Rxe1 Qd5 32.Qa6+ Kb8 
33.Rb1+ Nb4 34.Rxb4+ Ka8 35.Rb5 Qd7 36.Qa4 Qc7 
37.Rc5 Qb7 38.Rb5 Qc7 39.Ne1 Nf4 40.Ne4 Reb8 
41.Nd6 Rxb5 42.Nxb5 Qc6+ 43.Kg1 Nh3+ 44.Kf1 Qh1+ 
45.Ke2 Qxh2+ 46.Kd1 Nf2+ 47.Kc1 Qf4+ 48.Kb2 Qd2+ 
49.Nc2 Nd3+ 50.Kb3 Nc5+ 51.dxc5 Qd5+ 52.Qc4 Qxe5 
53.Nd6 Rb8+ 54.Nb4 Qe1 55.Qe4+ Qxe4 56.Nxe4 a5 
57.a3 axb4 58.axb4 Rd8 59.Nd6 Rd7 60.Kc4 Kb8 
61.Kd4 Kc7 62.Ke5 Kc6 63.Bh6 h4 64.Be3 h3 65.b5+ 
Kc7 66.Bg1 Kb8 67.c6 Rc7 68.Nxf7 Rxf7 69.Kxe6 Rh7 
70.Bh2+ 1-0

[Event "HCL-M854"]
[Site "www.playchess.de"]
[Date "2006.01.09"]
[Round "20"]
[White "Harijs"]
[Black "fookooflakman"]
[WhiteElo "1840"]
[BlackElo "2102"]
[PlyCount "77"]
[Result "1/2-1/2"]

1.e4 c5 2.c3 Nf6 3.e5 Nd5 4.d4 cxd4 5.Qxd4 e6 
6.Bb5 a6 7.Bc4 Nc6 8.Qe4 Nb6 9.Nf3 d5 10.exd6 Nxc4 
11.d7+ Bxd7 12.Qxc4 Rc8 13.O-O Be7 14.Qg4 Bf6 
15.Rd1 Qe7 16.Bg5 Bxg5 17.Qxg5 Qxg5 18.Nxg5 h6 
19.Nxf7 Kxf7 20.Rxd7+ Kf6 21.Rxb7 Rhd8 22.Na3 Ne5 
23.Rc1 Rd2 24.Nb1 Rd3 25.f4 Ng4 26.h3 Ne3 27.Kf2 
{Merry Christmas!}  Nd5 28.g3 h5 29.h4 Ne7 30.c4 
Nf5 31.Rc3 Rd1 32.Na3 Rcd8 33.Rc2 Rh1 34.Kg2 Rdd1 
35.Rb3 Rdf1 36.Rd3 Rhg1+ 37.Kh3 Nh6 38.Rg2 Rgh1+ 
39.Rh2 {(offering draw)}  1/2-1/2

[Event "HCL-E1502"]
[Site "www.playchess.de"]
[Date "2006.01.09"]
[Round "19"]
[White "Vince"]
[Black "Abra"]
[WhiteElo "1737"]
[BlackElo "1544"]
[PlyCount "135"]
[Result "1/2-1/2"]

1.d4 {prettig nederlands toernooi}  d5 {Dankjewel, 
ook zo.}  2.f4 Bf5 3.e3 e6 4.Nf3 h6 5.Nbd2 Nf6 
6.c3 c6 7.Qb3 Qc7 8.Ne5 Nbd7 9.Be2 Nxe5 10.fxe5 
Ne4 11.Nf3 Be7 12.Bd3 Nc5 13.dxc5 Bxd3 14.Qd1 Ba6 
15.Qd4 O-O 16.Qb4 b6 17.Qa3 Bc4 18.b4 {Ik zit 
danig te prutsen...}  a5 {Nog geen dramatische 
ontwikkelingen maar wellicht inleiding tot, dat 
laatste hoop ik natuurlijk :-)}  19.cxb6 {Je bent 
wreed...}  Qxb6 {Het risico wat je loopt als je je 
inlaat met dit spelletje!!}  20.bxa5 {Je bent er 
nog niet,hoop ik dan maar weer...}  Qxa5 {Helemaal 
waar, in stukken loopt het nog gelijk op.}  
21.Qxa5 Rxa5 22.Nd4 Rc8 23.a3 c5 24.Nf3 Rb8 25.Kd2 
Rab5 26.Rd1 R5b1 27.Rxb1 Rxb1 28.Kc2 Rb7 29.Re1 
Bb3+ 30.Kd2 Ra7 31.Bb2 Ra4 32.Rb1 Re4 33.Bc1 Ba4 
34.Rb6 g5 35.h3 g4 36.hxg4 Rxg4 37.Ne1 Bh4 38.Ra6 
Bb3 39.Ra5 c4 40.Ra8+ Kg7 41.a4 Bxe1+ 42.Kxe1 Rxg2 
43.Ba3 Ra2 44.Bf8+ Kg6 45.a5 Ba4 46.Be7 Kf5 47.Bf8 
h5 48.Bd6 Ke4 49.Rf8 Kxe3 50.Bc5+ Ke4 51.a6 Kxe5 
52.a7 Bc6 53.Rc8 Bb7 54.Rc7 Ba8 55.Rc8 Bb7 56.Rc7 
Ba8 57.Rxf7 Ke4 {Gelukkig nieuwjaar.}  58.Re7 Kf5 
59.Rh7 {Jij ook gelukkig nieuwjaar}  Kg6 60.Rh8 
Bc6 61.Be3 h4 62.Rxh4 Bb7 63.Rf4 e5 64.Rg4+ Kf5 
65.Rg7 d4 66.cxd4 Rxa7 67.dxe5 {Kadootje,anders 
duurt partij zo lang...}  Ra1+ {Wat jij in het 
begin van de partij deed ben ik nu aan het doen! 
Eind spel is niet mijn sterkste kant.}  68.Kd2 
{(offering draw) Zullen we stoppen???} 
 1/2-1/2

[Event "HCL-A2505"]
[Site "www.playchess.de"]
[Date "2006.01.09"]
[Round "2"]
[White "saemi"]
[Black "cabe"]
[WhiteElo "1661"]
[BlackElo "1415"]
[PlyCount "65"]
[Result "1-0"]

1.e4 {Hi, again.}  e5 {Hello again. Have a 
pleasant game.}  2.Nf3 Nf6 3.Nxe5 d6 4.Nf3 Nxe4 
5.d4 d5 6.Bd3 Bg4 7.h3 Bf5 8.O-O Bd6 9.Re1 O-O 
10.Ng5 Re8 11.Nxf7 Kxf7 12.Qh5+ Ke6 13.f3 g6 
14.Qh6 Qf6 15.fxe4 dxe4 16.Bxe4 Qxd4+ 17.Be3 Qxe4 
18.Bf2 Bf8 19.Qxh7 Qxe1+ 20.Bxe1 Bc5+ 21.Bf2 Nd7 
22.Nd2 Bxf2+ 23.Kxf2 Bxc2 24.Re1+ Kd6 25.Nc4+ Kc5 
{Happy Newyear!}  26.Rxe8 Rxe8 27.Qxd7 Rf8+ 28.Ke3 
Kxc4 29.Qd4+ Kb5 30.Qc3 Bb1 31.a4+ Kxa4 32.Qa3+ 
Kb5 33.Qxf8 1-0

[Event "HCL-A2544"]
[Site "www.playchess.de"]
[Date "2006.01.09"]
[Round "4"]
[White "ippuli"]
[Black "jerrylaine"]
[WhiteElo "1606"]
[BlackElo "1585"]
[PlyCount "50"]
[Result "1/2-1/2"]

1.e4 {Hyvää joulua! Onnea peliin (vissiin itse 
tarvitsen sitä enemmän)....}  e6 {Ehkä viimenen 
turnaukseni.En voi maksaa jäsenyyttä Tapiola 
pankin kautta - tutkimme onnistuisiko 
homma
tyttäreni tililtä Sammon kautta
Hyvää Joulua!}  2.d4 {Kaikenlaisia pankkeja sitä 
löytyykin!! Voihan sitä lähettää ihan käteistäkin, 
siitä oli vissiin Thomasilla myönteisiä 
kokemuksia...}  d5 {Täytyy miettiä - 7 ecen maksu 
ja kulut "korkeintaan 20}  3.e5 {7 eccua 
kirjeeseen, eihän postimaksu voi paljoa olla. 
Jäsenyys-sivustolta löytyy ohjeita. Jos ilmoitat, 
että olet pannut rahaa tulemaan, niin jäsenyys 
astuu voimaan ennen rahojen saapumista. Vois olla 
näppärää....}  c5 4.Qg4 cxd4 5.Nf3 Qc7 6.Bd3 Nc6 
7.O-O Nxe5 8.Nxe5 Qxe5 9.Bf4 Qf6 10.Re1 Qd8 {hyvää 
työviikkoa!Meikäläinen menee huomenna töihin loman 
jälkeen VERY nice}  11.c3 {Töihinmeno on aina VERY 
nice!!}  dxc3 12.Nxc3 Ne7 13.Be5 Ng6 14.Rad1 Nxe5 
15.Rxe5 Bd6 16.Rg5 g6 {Onnellista Uutta Vuotta! 
Täällä sataa vettä!!}  17.Re1 {Kiitos,samoin!! 
(Paitsi se vesihomma, täällä lunta riittää...)}  
O-O 18.Bxg6 {Revitään auki, saas nährä kui 
käy....}  fxg6 19.Rxg6+ hxg6 20.Qxg6+ Kh8 21.Re3 
Bxh2+ 22.Kxh2 Qc7+ 23.Kg1 Qh7 24.Qg5 {Joo, en 
tarpeeksi miettiny sen lähetin ottamista...}  Rg8 
{Joo, olisit ansainnut voiton, se oli todella 
lähellä...}  25.Qf6+ {Näin kyllä vaaroja siinä, 
mutta en ottanu niitä tarpeeksi vakavasti....noh, 
ahneus kostautuu, ehkä aina oppii jotain! :))}  
Rg7 {(offering draw) Saat ikuisen shakin jos 
haluat}  1/2-1/2

[Event "HCL-C4053"]
[Site "www.playchess.de"]
[Date "2006.01.09"]
[Round "10"]
[White "novice1"]
[Black "IRONMAIDEN"]
[WhiteElo "800"]
[BlackElo "1445"]
[PlyCount "119"]
[Result "0-1"]

1.e4 e5 2.Nf3 Nc6 3.Bc4 Bc5 4.Nc3 Nf6 5.d3 Nd4 
6.Be3 Nxf3+ 7.Qxf3 Bxe3 8.fxe3 d6 9.h3 O-O 10.Rg1 
c6 11.g4 Nd7 12.h4 Qxh4+ 13.Kd2 Qf6 14.Qh3 Nc5 
15.Raf1 Qe7 16.Ne2 Be6 17.Rgh1 h6 18.Bxe6 Qxe6 
19.b3 a5 20.Qh5 Qg6 21.Rf5 Qxh5 22.Rfxh5 Ne6 
23.Ng3 Ng5 24.Nf5 f6 25.Nxd6 b6 26.Nf5 Rfe8 27.c3 
c5 28.c4 a4 29.Nd6 Red8 30.Nb5 axb3 31.axb3 Ra2+ 
32.Kc3 Rda8 33.R5h2 Nf3 34.Rxa2 Rxa2 35.b4 cxb4+ 
36.Kxb4 Kh7 37.Nd6 Rd2 38.Kb5 Rxd3 39.Kxb6 Rxe3 
40.c5 Nd4 41.Nf5 Rxe4 42.c6 Nxc6 43.Kxc6 Rxg4 
44.Ra1 Rf4 45.Ne3 h5 46.Rh1 g6 47.Kd6 e4 48.Nd5 
Rf3 49.Re1 f5 50.Ke6 h4 51.Nf6+ Kh6 52.Nd5 Kg5 
53.Ke5 Kg4 54.Ne7 g5 55.Ng6 h3 56.Kf6 Rg3 57.Rf1 
h2 58.Ne5+ Kh3 59.Re1 Rg1 60.Re3+ 0-1

[Event "HCL-B3714"]
[Site "www.playchess.de"]
[Date "2006.01.09"]
[Round "1"]
[White "adamant"]
[Black "raqueldouve"]
[WhiteElo "1251"]
[BlackElo "1260"]
[PlyCount "60"]
[Result "0-1"]

1.d4 d5 2.e3 c5 3.c3 cxd4 4.cxd4 Nc6 5.Nc3 Nf6 
6.Bd3 e6 7.Nf3 a6 8.O-O Be7 9.Ne5 Nxe5 10.dxe5 Nd7 
11.f4 b5 12.Rf3 Bb7 13.Rh3 Rc8 14.Qg4 f5 15.Bxf5 
exf5 16.Qxf5 g6 17.Qg4 Rc4 18.Qg3 b4 19.Ne2 Rc2 
20.a3 Rxe2 21.b3 d4 22.exd4 Rxg2+ 23.Qxg2 Bxg2 
24.Kxg2 bxa3 25.Bxa3 Bxa3 26.Rxa3 Qb8 27.Ra4 O-O 
28.Rc4 Rxf4 29.Kg3 Qxb3+ 30.Kxf4 
Qxh3 0-1

[Event "HCL-C4021"]
[Site "www.playchess.de"]
[Date "2006.01.09"]
[Round "4"]
[White "donsimon"]
[Black "Farquhart"]
[WhiteElo "1043"]
[BlackElo "397"]
[PlyCount "63"]
[Result "1-0"]

1.e4 e5 2.Nf3 d6 3.d4 Nc6 4.Bb5 a6 5.Bxc6+ bxc6 
6.Bg5 f6 7.Be3 Nh6 8.Nc3 Ng4 9.O-O Nxe3 10.fxe3 
Rb8 11.b3 Bg4 12.d5 cxd5 13.exd5 Rb4 14.h3 Bf5 
15.e4 Bxe4 16.Nd2 Bf5 17.Rxf5 g6 18.Rf2 f5 19.a3 
Rd4 20.Qe2 Qg5 21.Nf3 Qg3 22.Nxd4 Qxc3 23.Rd1 Be7 
24.Rd3 Qa1+ 25.Kh2 exd4 26.Qe6 Kd8 27.Re2 Re8 
28.a4 Qf1 29.Rxd4 f4 30.Rb4 c5 31.Rb7 f3 
32.Qd7+ 1-0

[Event "HCL-B3793"]
[Site "www.playchess.de"]
[Date "2006.01.09"]
[Round "19"]
[White "nichju"]
[Black "evets"]
[WhiteElo "981"]
[BlackElo "1445"]
[PlyCount "85"]
[Result "1-0"]

1.e4 {Hello, nice to meet you}  e6 {Hello and good 
luck!}  2.d4 d5 3.exd5 exd5 4.Nc3 Bb4 5.Bd2 Nf6 
6.Nf3 O-O 7.Bd3 Re8+ 8.Ne5 Nbd7 9.O-O Nxe5 10.dxe5 
Rxe5 11.a3 Bxc3 12.Bxc3 Re8 13.Qd2 c5 14.Qg5 d4 
15.Bd2 h6 16.Qg3 Bg4 17.f3 Bd7 18.Bxh6 Nh5 19.Qd6 
gxh6 20.Qxh6 Nf6 21.g4 Re6 22.Qg5+ Kf8 23.Qh6+ Ke7 
24.Bc4 Re3 25.Rfe1 Qb6 26.Rxe3+ dxe3 27.Qxe3+ Be6 
28.Re1 Rh8 29.g5 Qd6 30.gxf6+ Kxf6 31.Qc3+ Ke7 
32.Qxh8 Qf4 33.Bxe6 fxe6 34.Qg7+ Kd6 35.Rd1+ Kc6 
36.Qd7+ Kb6 37.Rd6+ Ka5 38.Qd8+ b6 39.b4+ cxb4 
40.axb4+ Qxb4 41.Qg5+ b5 42.Qd8+ Ka4 
43.Ra6+ 1-0

[Event "HCL-B3823"]
[Site "www.playchess.de"]
[Date "2006.01.09"]
[Round "6"]
[White "val2005"]
[Black "PhilipKaveny"]
[WhiteElo "1512"]
[BlackElo "1406"]
[PlyCount "43"]
[Result "1-0"]

1.d4 f5 2.Nf3 e6 3.g3 Nf6 4.Bg2 d5 5.O-O Nc6 6.a3 
Be7 7.Nbd2 O-O 8.c4 h6 9.e3 Ne4 10.Qc2 Nxd2 
11.Bxd2 Kh8 12.b4 dxc4 13.Qxc4 a6 14.Rac1 Bf6 
15.Rfd1 Bd7 16.Ne1 g5 17.Bc3 b5 18.Qb3 Ra7 19.d5 
Ne5 20.dxe6 c5 21.bxc5 Nc4 22.c6 1-0

[Event "HCL-B3804"]
[Site "www.playchess.de"]
[Date "2006.01.09"]
[Round "7"]
[White "evets"]
[Black "dynamike"]
[WhiteElo "1445"]
[BlackElo "1479"]
[PlyCount "59"]
[Result "1-0"]

1.Nf3 d5 2.d4 Nf6 3.Nbd2 g6 4.e3 Bg7 5.c3 O-O 
6.Qb3 Nbd7 7.Bd3 c5 8.dxc5 Nxc5 9.Qc2 Nxd3+ 
10.Qxd3 Bf5 11.Qb5 b6 12.O-O a6 13.Qb3 Rc8 14.Nd4 
Bd3 15.Re1 e5 16.N4f3 Ne4 17.Nxe4 dxe4 18.Nd2 Kh8 
19.f3 f5 20.Qa4 exf3 21.Nxf3 e4 22.Nd4 Qh4 23.Bd2 
f4 24.exf4 Rc4 25.Qd7 Rd8 26.Qf7 Rcxd4 27.cxd4 
Bxd4+ 28.Be3 Bxe3+ 29.Rxe3 Qh6 
30.Qf6+ 1-0

[Event "HCL-B3793"]
[Site "www.playchess.de"]
[Date "2006.01.09"]
[Round "8"]
[White "nichju"]
[Black "dynamike"]
[WhiteElo "981"]
[BlackElo "1479"]
[PlyCount "104"]
[Result "0-1"]

1.e4 {Hallo, mein 2. Versuch}  c5 {und nochmal 
hallo :-) dann schon der dritte}  2.c3 {Viel 
Glück}  e6 3.d4 cxd4 4.cxd4 d5 5.exd5 Qxd5 6.Nc3 
Bb4 7.Nge2 Nf6 8.Qa4+ Nc6 9.Bd2 Qd8 10.Nf4 Bd7 
11.Bb5 Bd6 12.O-O O-O 13.d5 exd5 14.Nfxd5 Nxd5 
15.Nxd5 a6 16.Bd3 Ne5 17.Qd4 Nxd3 18.Qxd3 Bb5 
19.Qb3 Bxf1 20.Rxf1 Re8 21.Qxb7 Rb8 22.Qxa6 Bxh2+ 
23.Kxh2 Qxd5 24.Bf4 Rxb2 25.Qa4 Ra8 26.Qd1 Qxd1 
27.Rxd1 h5 28.Be3 Raxa2 29.Rd8+ Kh7 30.Rd5 g6 
31.Rd7 Kg8 32.Rd8+ Kh7 33.Rd7 Rb1 34.Rxf7+ Kg8 
35.Rf6 h4 36.Rxg6+ Kf7 37.Rg4 Raa1 38.Rf4+ Kg6 
39.Rxh4 Rbh1+ 40.Kg3 Rxh4 41.Kxh4 Kf5 42.g4+ Kg6 
43.g5 Rh1+ {(offering draw)}  44.Kg4 Rg1+ 45.Kh4 
Rh1+ {(offering draw)}  46.Kg3 Rg1+ 47.Kh2 Rg4 
48.f3 Ra4 49.f4 Kf5 50.Kh3 Ra3 51.Kh4 {(offering 
draw)}  Rxe3 {nun ist es zu spät. Jetzt will ich 
es wissen :)}  52.Kh5 Rh3+ 0-1

[Event "HCL-B3815"]
[Site "www.playchess.de"]
[Date "2006.01.09"]
[Round "5"]
[White "Skipper_Robert"]
[Black "dynamike"]
[WhiteElo "957"]
[BlackElo "1610"]
[PlyCount "59"]
[Result "1-0"]

1.e4 c5 2.d4 cxd4 3.Qxd4 Nc6 4.Qd2 a6 5.Nc3 e6 
6.a3 Qc7 7.Nf3 Nf6 8.Bc4 Be7 9.O-O O-O 10.Qd3 Rd8 
11.Rd1 Ng4 12.h3 Nge5 13.Nxe5 Nxe5 14.Bf4 Qxc4 
15.Bxe5 Qxd3 16.Rxd3 d6 17.Bd4 b5 18.Rg3 f6 19.Ne2 
Bb7 20.f3 Rac8 21.c3 e5 22.Bb6 Rd7 23.Rg4 d5 
24.Rd1 Rd6 25.Be3 Rc4 26.Ng3 dxe4 27.Rxd6 Bxd6 
28.Nh5 g6 29.Nxf6+ Kg7 30.Ne8+ 1-0

[Event "HCL-B3791"]
[Site "www.playchess.de"]
[Date "2006.01.09"]
[Round "7"]
[White "handrej68"]
[Black "Bense"]
[WhiteElo "1437"]
[BlackElo "1049"]
[PlyCount "32"]
[Result "0-1"]

1.d4 f6 2.Nf3 Nc6 3.e3 a6 4.c3 d6 5.Bd3 Bd7 6.O-O 
Qc8 7.Nbd2 Nh6 8.e4 Bg4 9.Re1 Qd7 10.Qb3 Na5 
11.Qc2 Nc6 12.b4 Bxf3 13.Nxf3 d5 14.a4 Qd6 15.exd5 
Qxd5 16.Bf4 Rc8 0-1

[Event "HCL-B3815"]
[Site "www.playchess.de"]
[Date "2006.01.09"]
[Round "3"]
[White "dynamike"]
[Black "Felipe_Lungov"]
[WhiteElo "1610"]
[BlackElo "1260"]
[PlyCount "23"]
[Result "1-0"]

1.e4 e6 2.d4 d5 3.Nc3 Bb4 4.e5 c5 5.a3 Bxc3+ 
6.bxc3 c4 7.Qg4 Nc6 8.Qxg7 Nge7 9.Qxh8+ Kd7 
10.Qxh7 Nf5 11.Qxf7+ Nce7 12.h4 1-0

[Event "HCL-C4057"]
[Site "www.playchess.de"]
[Date "2006.01.09"]
[Round "10"]
[White "RUDI"]
[Black "Ivan_Lacerda"]
[WhiteElo "1261"]
[BlackElo "1145"]
[PlyCount "90"]
[Result "1/2-1/2"]

1.d4 {hi Ivan!}  d5 {Hi friend, good game for us! 
And merry christmas.}  2.Bf4 {hi, the very same to 
you!}  e6 3.e3 Bd6 4.Nh3 h6 5.Bd3 Bxf4 6.Nxf4 g5 
7.Nh3 Nf6 8.O-O a6 9.Nc3 b5 10.f3 Bb7 11.Ne2 Nc6 
12.c3 Qe7 13.b4 Nd7 14.e4 dxe4 15.fxe4 a5 16.a3 
axb4 17.axb4 Na7 18.Ng3 c6 19.Qc2 Nb6 20.e5 Na4 
21.Ne4 Nc8 22.Nf6+ Kd8 23.Nf2 Ncb6 24.N2e4 Nd5 
25.Qd2 Kc7 26.Bc2 Nxf6 27.Nxf6 Nb6 28.Bb3 Nd5 
29.Rxa8 Rxa8 30.Bxd5 cxd5 31.Qd3 Ba6 32.Qh7 Qf8 
33.Ng4 Kb6 34.Rxf7 Qg8 35.Qxg8 Rxg8 36.Nxh6 Ra8 
37.Re7 Bc8 38.Rf7 Ra3 39.Rf3 Bd7 40.h3 Be8 41.Kh2 
Ra2 42.Kg3 Bg6 43.Rf2 Ra3 44.Rf3 Be4 45.Re3 Ra2 
{(offering draw)}  1/2-1/2

[Event "HCL-B3810"]
[Site "www.playchess.de"]
[Date "2006.01.09"]
[Round "6"]
[White "chessH"]
[Black "sundfar"]
[WhiteElo "1289"]
[BlackElo "1265"]
[PlyCount "52"]
[Result "0-1"]

1.e4 c5 2.f4 e6 3.Nf3 a6 4.d4 Be7 5.Be2 d5 6.e5 f6 
7.c3 Nc6 8.O-O cxd4 9.cxd4 Qb6 10.Nc3 fxe5 11.fxe5 
Bb4 12.Be3 Nge7 13.Ng5 Nf5 14.Rxf5 exf5 15.Nxd5 
Qd8 16.Nxb4 Nxb4 17.Qa4+ Nc6 18.Qb3 Qe7 19.Bf3 
Nxd4 20.Qa4+ Nb5 21.Qf4 O-O 22.a3 Bd7 23.Qh4 h6 
24.Bd5+ Kh8 25.Qh5 Be8 26.Qh3 f4 0-1

[Event "HCL-C4059"]
[Site "www.playchess.de"]
[Date "2006.01.09"]
[Round "1"]
[White "Farquhart"]
[Black "Bo"]
[WhiteElo "547"]
[BlackElo "800"]
[PlyCount "31"]
[Result "1-0"]

1.e4 Nc6 {b8 to c6}  2.d3 e5 3.Nf3 Nf6 4.Nc3 Bc5 
5.a4 d6 6.Nb5 Kd7 7.h4 Nh5 8.Bg5 f6 9.Bd2 a6 
10.Nc3 Qf8 11.g3 g6 12.Bh3+ Ke7 13.Be3 Bb4 14.Bd2 
Ke8 15.Nd5 Kf7 16.Nxc7 1-0